|
|
|
|
| LEADER |
00000nam a2200000 a 4500 |
| 001 |
UCV2761 |
| 003 |
CL-VaPUC |
| 008 |
921104e19870000IT |||||||||||||||||ita|d |
| 082 |
0 |
4 |
|a 346
|b BAR
|2 21
|
| 100 |
0 |
|
|a Barcellona, Pietro
|e author
|9 297025
|
| 245 |
1 |
0 |
|a Formazione e sviluppo del diritto privato moderno
|
| 300 |
|
|
|a 437 p
|
| 942 |
|
|
|c BK
|
| 945 |
|
|
|d 19921104 00:00:00
|
| 260 |
|
|
|a Nápoles
|b Jovene
|c 1987
|
| 650 |
|
0 |
|a Derecho civil
|9 255013
|
| 583 |
|
|
|a last modification
|c 19921104 00:00:00
|k Rodrigo Vera
|
| 999 |
|
|
|c 210249
|d 210247
|
| 952 |
|
|
|0 0
|1 0
|4 0
|6 346_000000000000000_BAR_1987
|7 0
|8 A
|9 186348
|a BIBDER
|b BIBDER
|d 2019-11-14
|i 253827K
|o 346 BAR 1987
|p 253827K
|r 2023-01-25
|w 2019-11-14
|y BK
|k DER
|